Microbiology an introduction

Spremljeno u:
Bibliografski detalji
Glavni autor: Batzing, Barry L.
Format: Knjiga
Jezik:Undetermined
Izdano: Thomson Learning 2001
Teme:
Oznake: Dodaj oznaku
Bez oznaka, Budi prvi tko označuje ovaj zapis!
Thư viện lưu trữ: Trung tâm Học liệu Trường Đại học Cần Thơ
LEADER 00480nam a2200181Ia 4500
001 CTU_49328
008 210402s9999 xx 000 0 und d
082 |a 579 
082 |b B336 
100 |a Batzing, Barry L. 
245 0 |a Microbiology an introduction 
245 0 |c Barry L. Batzing 
260 |b Thomson Learning 
260 |c 2001 
526 |a Vi sinh vật học 
526 |b TN144 
650 |a Microbiology 
980 |a Trung tâm Học liệu Trường Đại học Cần Thơ